000 00518nam a2200193 i 4500
001 149806
003 ES-MaACL
005 20230906203250.0
007 t|
008 071024s1962 sp ||||1| spa d
100 1 _aVázquez Soto, José María.
_9113490
245 1 3 _aLa parroquia viva /
_cJosé María Vázquez Soto.
260 _aBarcelona :
_bFlors,
_c1962.
300 _a346 p. ;
_c19 cm.
490 1 _aRemanso
830 0 _aRemanso
_9181827
852 _aES-MaACL
_jC-20940
_bR.49474
999 _c149806
_d149806